[Event "Challenge"]
[Site "http://www.queenalice.com/game.php?id=310429"]
[Date "2007.11.26"]
[Round "-"]
[White "cdare"]
[Black "stichchez"]
[Result "1-0"]
[WhiteElo "1740"]
[BlackElo "1387"]

1. e4 c5 2. Nf3 Nc6 3. c3 Nf6 4. Bb5 a6 5. Bxc6 bxc6 6. d3 e5 7. Nxe5 Bd6 8.
Nxc6 dxc6 9. Be3 O-O 10. Nd2 Be5 11. Bxc5 Re8 12. O-O Qc7 13. Nf3 Rb8 14. Bb4 a5
15. Ba3 Ng4 16. Nxe5 Qxe5 17. g3 Qh5 18. h4 Be6 19. d4 Qb5 20. Qd2 Bc4 21. Rfe1
Re6 22. e5 Rd8 23. Qd1 Nh6 24. b3 Bd5 25. c4 1-0

[Event "Challenge"]
[Site "http://www.queenalice.com/game.php?id=310430"]
[Date "2007.11.26"]
[Round "-"]
[White "stichchez"]
[Black "cdare"]
[Result "0-1"]
[WhiteElo "1377"]
[BlackElo "1742"]

1. Nc3 e5 2. g3 Nf6 3. Bg2 Nc6 4. Nf3 Bc5 5. O-O d6 6. e3 Be6 7. Ng5 Qd7 8. b3
h6 9. Nxe6 Qxe6 10. Bxc6+ bxc6 11. a3 O-O 12. f4 Qh3 13. d4 Ng4 14. Qe2 Bb6 15.
fxe5 dxe5 16. Ne4 exd4 17. exd4 Bxd4+ 18. Kh1 Bxa1 19. Bf4 Bd4 20. Bxc7 Rfe8 21.
Qg2 Qxg2+ 22. Kxg2 Ne3+ 23. Kg1 Nxf1+ 24. Kxf1 Rxe4 0-1

[Event "AUTO-OPEN-916"]
[Site "http://www.queenalice.com/game.php?id=310459"]
[Date "2007.11.26"]
[Round "1"]
[White "stichchez"]
[Black "Camaraujo"]
[Result "0-1"]
[WhiteElo "1387"]
[BlackElo "2274"]

1. d4 Nf6 2. Nc3 d5 3. e4 dxe4 4. f3 exf3 5. Nxf3 e6 6. Bd3 Nc6 7. O-O Nxd4 8.
Kh1 Nc6 9. Qe1 Nb4 10. Ne5 Nxd3 11. Nxd3 Nd5 12. Nb5 a6 13. Qf2 f6 14. Nd4 c5
15. Nf3 c4 16. Nf4 e5 17. Nxd5 Qxd5 18. Nh4 Bh3 0-1

[Event "AUTO-OPEN-916"]
[Site "http://www.queenalice.com/game.php?id=310460"]
[Date "2007.11.26"]
[Round "1"]
[White "Camaraujo"]
[Black "stichchez"]
[Result "1-0"]
[WhiteElo "2273"]
[BlackElo "1387"]

1. c4 Nf6 2. Nc3 e6 3. Nf3 Bc5 4. d4 Bb4 5. a3 Bxc3+ 6. bxc3 O-O 7. e3 b6 8. Bd3
Bb7 9. O-O c5 10. Bb2 Ne4 11. Qc2 cxd4 12. Bxe4 Bxe4 13. Qxe4 Nc6 14. cxd4 f5
15. Qf4 Qe7 16. d5 exd5 17. cxd5 Na5 18. Rac1 Nb3 19. Rc7 1-0

[Event "AUTO-OPEN-916"]
[Site "http://www.queenalice.com/game.php?id=310461"]
[Date "2007.11.26"]
[Round "1"]
[White "stichchez"]
[Black "Amorin"]
[Result "0-1"]
[WhiteElo "1342"]
[BlackElo "1720"]

1. Nc3 d5 2. g3 d4 3. Nb5 e5 4. Nf3 Bd7 5. e3 e4 6. Nfxd4 c5 7. Nb3 Qg5 8. Nc7+
Kd8 9. Nxa8 Nf6 10. Be2 Bd6 11. h4 Qe5 12. O-O Qe6 13. Na5 Bc8 14. f3 Qh3 15.
Qe1 Bxg3 16. Rf2 b6 17. Bf1 Bxf2+ 18. Qxf2 Qd7 19. Nxb6 axb6 20. Nc4 Nc6 0-1

[Event "AUTO-OPEN-916"]
[Site "http://www.queenalice.com/game.php?id=310462"]
[Date "2007.11.26"]
[Round "1"]
[White "Amorin"]
[Black "stichchez"]
[Result "1-0"]
[WhiteElo "1718"]
[BlackElo "1345"]

1. d4 Nf6 2. c4 e6 3. Nc3 Bb4 4. a3 Bxc3+ 5. bxc3 b6 6. d5 e5 7. e4 O-O 8. Qf3
d6 9. Qg3 Nxe4 10. Qe3 Nc5 11. Nf3 Bf5 12. Ra2 Nbd7 13. Ng5 e4 14. Qf4 g6 15.
Qh4 h5 16. Be2 Ne5 17. O-O Qe7 18. h3 Ncd3 19. Bxh5 gxh5 20. Bf4 Nxf4 21. g4 1-0

[Event "AUTO-OPEN-916"]
[Site "http://www.queenalice.com/game.php?id=310463"]
[Date "2007.11.26"]
[Round "1"]
[White "stichchez"]
[Black "erivaldoadao"]
[Result "0-1"]
[WhiteElo "1372"]
[BlackElo "1585"]

1. d4 d5 2. Nc3 e6 3. e4 Ne7 4. e5 g6 5. Nf3 Bg7 6. Ng5 O-O 7. Bd3 Nf5 8. Bxf5
exf5 9. O-O c6 10. Bf4 Nd7 11. Qf3 f6 12. Ne6 Qe8 13. Nxf8 Qxf8 14. Rae1 Nb6 15.
b3 Kh8 16. e6 Qe7 17. a4 Bxe6 18. Re2 Qf7 19. Rfe1 Re8 20. Qg3 Nd7 21. Bd6 Nb6
22. b4 Nc4 23. Rxe6 Rxe6 24. Rxe6 Qxe6 25. Bc5 Qe1# 0-1

[Event "AUTO-OPEN-916"]
[Site "http://www.queenalice.com/game.php?id=310464"]
[Date "2007.11.26"]
[Round "1"]
[White "erivaldoadao"]
[Black "stichchez"]
[Result "1-0"]
[WhiteElo "1556"]
[BlackElo "1230"]

1. e4 c5 2. Nf3 Nc6 3. Bb5 Nf6 4. Bxc6 bxc6 5. O-O Nxe4 6. d3 Nf6 7. Bg5 e6 8.
Nc3 Be7 9. Bxf6 Bxf6 10. Re1 O-O 11. Rb1 Rb8 12. d4 d6 13. dxc5 Bxc3 14. bxc3 d5
15. Ne5 Qc7 16. c4 dxc4 17. Nxc4 Ba6 18. Ne5 Rxb1 19. Qxb1 Rd8 20. c3 g6 21. h3
Rd2 22. a4 Be2 23. Nf3 Bxf3 24. gxf3 Qa5 25. Qb8+ Kg7 26. Qe5+ Kf8 27. Qh8+ Ke7
28. Qxh7 Qxc3 29. Qh4+ Kd7 30. Qh7 1-0